WW 2 Quiz - Statistics

General Stats
  • This quiz has been taken 174 times
  • The average score is 4 of 15
Answer Stats
Question Answer % Correct
0 1 Percentage wise,wish nation suffered the most causalities? Poland
84%
0 4 By the end of WW2,how many nuclear bomb did the USA detonate? 3
64%
0 5 What was the name of German's propaganda minister? Joseph Goebbels
49%
0 8 This nation was fully occupied, the same day it was invaded. Denmark
43%
1 5 This nation switched from the Axis to the Allies on August 23rd, 1944. Romania
33%
0 6 What is the name of the famous USSR field marshal? Georgy Zhukov
26%
1 3 First minor nation to adhere to the Axis. Hungary
23%
0 9 Prince Paul lead, what nation on the outbreak of WW2? Yugoslavia
23%
1 2 Only Axis member to gain territory after WW2. Bulgaria
22%
0 7 What was the name of the leader of Vichy France? Philippe Pétain
22%
0 3 What was the official name of Greece at the start of WW2? Kingdom of Greece
18%
1 1 Official name of the war between China and Japan. Second Sino-Japanese War
5%
0 2 What was the month, day, and year that the allies enter Rome? June 4th, 1944
2%
1 4 The Benelux nations were invaded on what month, day, and year? May 10th, 1940
2%
1 0 What Commonwealth nation suffered the most causalities percentage wise? British Malaya
1%
No matching quizzes found
Score Distribution
Percent of People with Each Score
Percentile by Number Answered
Your Score History
You have not taken this quiz